| 000 | 00649nam a22002177a 4500 | ||
|---|---|---|---|
| 003 | DO-SdBNP | ||
| 005 | 20171205113652.0 | ||
| 008 | 171122b 1991 nyu ||||| |||| 00| 0 spa d | ||
| 020 | _a0679735909 | ||
| 040 |
_aBPMSU _bspa _cBPMSU |
||
| 092 |
_axxxx _bxxxx |
||
| 100 | 1 |
_aByatt, A. S. Antonia Susan _d1936- |
|
| 245 | 1 | 0 |
_aPossession : _ba romance / _c A. S. Byatt. |
| 260 |
_aLondon, _aNew York : _bVintage , _c1991. |
||
| 300 |
_a555 p. ; _c20 cm. |
||
| 490 | 1 | _aVintage international | |
| 830 | 0 | _aVintage international | |
| 942 |
_2ddc _cBK |
||
| 945 | _ainventariado extranjero / DG | ||
| 956 |
_aLOPEREZ _b10 _c20171122 _h0041 _iBPMSU |
||
| 999 |
_c13019 _d13019 |
||